000 00292nam a2200121Ia 4500
005 20251222144808.0
008 251222s9999||||xx |||||||||||||| ||spa||
082 _a261.1/P85
100 _aDurand, Ricardo
245 0 _aPreocupación Social:
264 _bVida y Espiritualidad
942 _cLIB
999 _c19993
_d19993